000
00272nam a2200109Ia 4500
008
230907s9999||||xx |||||||||||||| ||und||
082
_a
621.3822
_b
MIT
245
0
_a
Digital signal processing :
260
_a
McGraw-Hill,
_b
Chennai :
_c
2013
300
_a
940 p.
942
_c
BK
999
_c
601344
_d
601344